Library Banner

Dawat e Din aur uska tareeq kar(دعوت دین اور اسکا طریق کار)/ (Record no. 109212)

MARC details
000 -LEADER
fixed length control field 00449nam a22001337a 4500
005 - DATE AND TIME OF LATEST TRANSACTION
control field 20201014110849.0
008 - FIXED-LENGTH DATA ELEMENTS--GENERAL INFORMATION
fixed length control field 181129b ||||| |||| 00| 0 eng d
040 ## - CATALOGING SOURCE
Transcribing agency PK-LaUMT
082 ## - DEWEY DECIMAL CLASSIFICATION NUMBER
Classification number RHC 297.74
Item number AMI-D
100 ## - MAIN ENTRY--PERSONAL NAME
Personal name Amin Ahsan Islahi
245 ## - TITLE STATEMENT
Title Dawat e Din aur uska tareeq kar(دعوت دین اور اسکا طریق کار)/
Statement of responsibility, etc Amin Ahsan Islahi
260 ## - PUBLICATION, DISTRIBUTION, ETC. (IMPRINT)
Place of publication, distribution, etc لاہور:
Name of publisher, distributor, etc مرکزی مکتبہ جماعت اسلامی
Date of publication, distribution, etc 1951
942 ## - ADDED ENTRY ELEMENTS (KOHA)
Koha item type Books
Holdings
Withdrawn status Lost status Damaged status Home library Current library Date acquired Full call number Barcode Date last seen Price effective from Koha item type
      UMT Main Campus UMT Main Campus 2018-11-29 RHC 297.74 AMI-D 126727 2018-11-29 2018-11-29 Books